Borjúelhullás és tehénselejtezés vizsgálata adott üzemben

Elmentve itt :
Bibliográfiai részletek
Szerző: Berczi Gábor
További közreműködők: Mikó József (Témavezető)
Dokumentumtípus: Szakdolgozat
Megjelent: 1979
Kulcsszavak:Szarvasmarha-tenyésztés
Borjúelhullások
Tehénselejtezés
Tárgyszavak:
Online Access:http://diploma.bibl.u-szeged.hu/98320
LEADER 00750nta a2200229 i 4500
001 dipl98320
005 20220128074759.0
008 220114s1979 hu om 0|| hun d
040 |a SZTE Diploma Repozitórium  |b hun 
041 |a hun 
100 1 |a Berczi Gábor 
245 1 0 |a Borjúelhullás és tehénselejtezés vizsgálata adott üzemben  |h [elektronikus dokumentum] /  |c Gábor Berczi 
260 |c 1979 
300 |a 32 
650 4 |a Agrár 
650 4 |a Agricultural sciences 
650 4 |a Animal and Dairy science 
695 |a Szarvasmarha-tenyésztés 
695 |a Borjúelhullások 
695 |a Tehénselejtezés 
700 1 |a Mikó József  |e ths 
856 4 0 |u http://diploma.bibl.u-szeged.hu/id/eprint/98320/1/1979_berczi_gabor.pdf  |z Dokumentum-elérés